000
00277nam a2200109Ia 4500
008
200302s9999 xx 000 0 und d
100
_a
Maria Christina Gozzoli
245
_a
How to Recognize Bothic art
260
_b
Macdonald Educational Ltd.
260
_c
1978
300
_a
64 P.,
999
_c
2354
_d
2354